| 000 | 00601nam a22001937a 4500 | ||
|---|---|---|---|
| 999 |
_c11965 _d11965 |
||
| 003 | AR-CdUCM | ||
| 008 | 190405b ||||| |||| 00| 0 spa d | ||
| 040 |
_aMUNICIPALIDAD PROVINCIAL DEL CUSCO _cBIBLIOTECA MUNICIPAL DEL CUSCO |
||
| 082 |
_29ed. _a868.6 / _bL57 / 1926 |
||
| 100 |
_aLeón, Ricardo _911095 |
||
| 245 | _aAlcalá de los Zegríes, novela / | ||
| 260 |
_aMadrid : _bLibr. y casa editorial Hernando, _c1926. |
||
| 300 |
_a339 paginas ; _c19 cm. |
||
| 505 | _aContenido :Novela / | ||
| 650 |
_aNovela _95 |
||
| 650 |
_aLiteratura _983 |
||
| 942 |
_2ddc _cLIBROS |
||
| 945 |
_arjall _d2019-04-05 |
||